Structural Change in Urban Growth
Enregistré dans:
| Auteur principal: | |
|---|---|
| Format: | Livre |
| Langue: | anglais |
| Publié: |
Kiel
Institut für Weltwirtschaft
1993
|
| Collection: | Kiel Working Paper
No.596 |
| Sujets: | |
| Tags: |
Pas de tags, Soyez le premier à ajouter un tag!
|
MARC
| LEADER | 00000nam a2200000 4500 | ||
|---|---|---|---|
| 001 | c005346 | ||
| 005 | 20250521093106.4 | ||
| 041 | 0 | |a eng | |
| 044 | |a DE | ||
| 245 | 1 | 0 | |a Structural Change in Urban Growth |c Henning Klodt |
| 264 | 1 | |a Kiel |b Institut für Weltwirtschaft |c 1993 | |
| 300 | |a 32 s. | ||
| 490 | 1 | |a Kiel Working Paper |v No.596 | |
| 830 | 0 | |a Kiel Working Paper |v No.596 | |
| 610 | 2 | 0 | |a mestá |
| 610 | 2 | 0 | |a aglomerácie mestské |
| 610 | 2 | 0 | |a priemysel |
| 610 | 2 | 0 | |a aglomerácie priemyselné |
| 610 | 2 | 0 | |a vidiek |
| 610 | 2 | 0 | |a úroveň výroby technicko-ekonomická |
| 610 | 2 | 0 | |a rozvoj technický |
| 610 | 2 | 0 | |a politika priemyselná |
| 610 | 2 | 0 | |a Nemecko |
| 610 | 2 | 0 | |a sektory hospodárske |
| 610 | 2 | 0 | |a služby obyvateľstvu |
| 100 | 1 | |a Klodt, Henning | |